All LEGO Dark Side Users - Statistics

General Stats
  • This quiz has been taken 27 times
  • The average score is 21 of 26
Answer Stats
Picture Answer % Correct
Darth Jar Jar
100%
Darth Revan
100%
Darth Rey
100%
Darth Sidious
100%
Darth Vader
100%
Kylo Ren
100%
Maul
100%
Savage Opress
100%
Snoke
100%
Starkiller
100%
Asajj Ventress
92%
Barriss Offee
92%
Count Dooku
92%
Pong Krell
92%
Reva Sevander
92%
Fifth Brother
85%
Darth Malak
77%
Baylan Skoll
62%
Darth Malgus
62%
Jek-14
62%
Grand Inquisitor
54%
Marrok
54%
Shin Hati
54%
Darth Dev
38%
Naare
38%
Sith Warrior
38%
No matching quizzes found
Score Distribution
Percent of People with Each Score
Percentile by Number Answered
Your Score History
You have not taken this quiz